| 000 | 01214nam a2200217Ia 4500 | ||
|---|---|---|---|
| 003 | Ost | ||
| 005 | 20260507075723.0 | ||
| 008 | 260507s9999||||xx |||||||||||||| ||und|| | ||
| 040 | _cfsecg | ||
| 041 | _aara | ||
| 082 | _a301.14 | ||
| 100 |
_aبدوي، هناء حافظ _eمؤلف |
||
| 245 | 0 |
_aالإتصال بين النظرية والتطبيق / _c هناء حافظ بدوي |
|
| 260 |
_aالاسكندرية: _bالمكتب الجامعي الحديث, _c2003 |
||
| 300 |
_a383 صفحة؛ _bإيضاحات ؛ _c24 سم |
||
| 504 | _aبيبليوغرافيا ص.377 | ||
| 520 | _aأسس ومبادئ الاتصال،نماذج الاتصال وخصائصه،نظريات الاتصال،أنواع وأدوات الاتصال في الخدمة الاجتماعية،العملياتالاجتماعية للإتصال،تخطيط الرسالة الإعلامية،العلاقات العامة والاتصال،دور الاتصال في المجتمعات النامية،الخدمة الإجتماعية والاتصال،العلاقة بين الاتصال والخدمة الاجتماعية | ||
| 653 | _aالإتصال | ||
| 653 | _aالخدمة الإجتماعية | ||
| 942 | _cكتاب | ||
| 999 |
_c45953 _d45953 |
||